Central Library OPAC University of Rajshahi

Constitutional and administrative law in a nutshell / (Record no. 3679)

MARC details
000 -LEADER
fixed length control field 00874cam a22002771 4500
001 - CONTROL NUMBER
control field 3679
003 - CONTROL NUMBER IDENTIFIER
rucl marc code BD-RjUL
005 - DATE AND TIME OF LATEST TRANSACTION
control field 20211208233753.0
008 - FIXED-LENGTH DATA ELEMENTS--GENERAL INFORMATION
fixed length control field 740813s1966 enka 001 0 eng
035 ## - SYSTEM CONTROL NUMBER
System control number (BD-RjUL)3713
040 ## - CATALOGING SOURCE
Original cataloging agency DLC
Transcribing agency DLC
Modifying agency DLC
Language of cataloging eng
041 ## - LANGUAGE CODE
Language code of text/sound track or separate title eng
082 00 - DEWEY DECIMAL CLASSIFICATION NUMBER
Classification number 320.942
Edition number 16
Author mark and year COC 1966
100 1# - MAIN ENTRY--PERSONAL NAME
Personal name Cockain, Duncan.
9 (RLIN) 11693
245 10 - TITLE STATEMENT
Title Constitutional and administrative law in a nutshell /
Statement of responsibility, etc. Duncan Cockain
260 ## - PUBLICATION, DISTRIBUTION, ETC. (IMPRINT)
Place of publication, distribution, etc. London :
Name of publisher, distributor, etc. Sweet & Maxwell,
Date of publication, distribution, etc. 1966.
300 ## - PHYSICAL DESCRIPTION
Pagination xii, 115 p.
Illustrations tables, diagr.
Size 18 1/2 cm.
490 0# - SERIES STATEMENT
Series statement Nutshell series
500 ## - GENERAL NOTE
General note Students' aids.
526 ## - STUDY PROGRAM INFORMATION NOTE
Requested Dept. Political Science
650 #0 - SUBJECT ADDED ENTRY--TOPICAL TERM
Topical term or geographic name as entry element Constitutional law
Geographic subdivision Great Britain
General subdivision Outlines, syllabi, etc.
9 (RLIN) 11694
Topical term or geographic name as entry element Administrative law
Geographic subdivision Great Britain
General subdivision Outlines, syllabi, etc.
9 (RLIN) 11695
942 ## - ADDED ENTRY ELEMENTS (KOHA)
Source of classification or shelving scheme Dewey Decimal Classification
Koha item type Books
Holdings
Lost status Source of classification or shelving scheme Damaged status Not for loan Collection code Permanent Location Current Location Shelving location Date acquired Source of acquisition Cost, normal purchase price Total Checkouts Full call number Date last seen Copy number Koha item type
  Dewey Decimal Classification     Non-fiction Central Library, University of Rajshahi Central Library, University of Rajshahi   26/08/1968 Zeitlinger 10.60   320.942 COC 1966 19/12/2013 C-6 Books
  Dewey Decimal Classification     Non-fiction Central Library, University of Rajshahi Central Library, University of Rajshahi   26/08/1968 Zeetlinger 10.06   320.942 COC 1966 27/07/2016 C-3 Books
  Dewey Decimal Classification     Non-fiction Central Library, University of Rajshahi Central Library, University of Rajshahi   26/08/1968 Zeetlinger 10.06   320.942 COC 1966 27/07/2016 C-4 Books
  Dewey Decimal Classification     Non-fiction Central Library, University of Rajshahi Central Library, University of Rajshahi   26/08/1968 Zeetlinger 10.06   320.942 COC 1966 27/07/2016 C-5 Books
  Dewey Decimal Classification     Non-fiction Central Library, University of Rajshahi Central Library, University of Rajshahi   26/08/1968 Zeitlinger 10.20   320.942 COC 1966 21/11/2016 C-2 Books